000
00306nam a22001337a 4500
008
170609b xxu||||| |||| 00| 0 eng d
020
_a
9780393935493
041
_a
eng
080
_6
8TH
_a
32
100
_a
19
101
_a
SHP
245
_a
CONSTITUTIONAL LAW AND POLITICS
_c
OBRIEN, D.M
942
_2
udc
_c
BK
999
_c
16746
_d
16746